Statistics for Common Vegetables

Click here to take the quiz!

General Stats

  • This quiz has been taken 34 times
    (12 since last reset)
  • The average score is 12 of 15

Answer Stats

Answer% Correct
Broccoli
100%
Carrot
100%
Corn
100%
Onion
100%
Potato
100%
Lettuce
91%
Zucchini
91%
Cabbage
82%
Radish
82%
Garlic
73%
Leek
73%
Mushroom
73%
Bell pepper
55%
Celery
55%
Jalapeno
45%

Score Distribution

Percentile by Number Answered

Percent of People with Each Score

Your Score History

You have not taken this quiz since the last reset